000 02141nam a2200349Ia 4500
001 ebr10135587
003 CaPaEBR
006 m u
007 cr cn|||||||||
008 020717s2003 nyu sb 001 0 eng d
010 _z 2002030745
015 _aGBA3-Z3919
020 _z1403973857
020 _z1403961174 (alk. paper)
020 _z1403961190 (pbk.)
040 _aCaPaEBR
_cCaPaEBR
035 _a(OCoLC)560465951
050 1 4 _aD21.3
_b.M285 2003eb
100 1 _aManning, Patrick,
_d1941-
245 1 0 _aNavigating world history
_h[electronic resource] :
_bhistorians create a global past /
_cPatrick Manning.
250 _a1st ed.
260 _aNew York, N.Y. :
_bPalgrave Macmillan,
_c2003.
300 _axiii, 425 p.
504 _aIncludes bibliographical references (p. [379]-413) and index.
505 0 _aThe Evolution of World History -- Defining World History -- Historical Philosophy, to 1900 -- Grand Synthesis, 1900-1965 -- Themes and Analyses, 1965-1990 -- Organizing a Field, since 1990 -- Narrating World History -- Revolution in Historical Studies -- Disciplines -- Area Studies -- Global Studies -- Results of Recent Research -- Political and Economic History -- Social History -- Ecology, Technology, and Health -- Cultural History -- Debating World History -- Logic of Analysis in World History -- Scale in History: Time and Space -- Modeling Frameworks and Strategies -- Verifying Historical Interpretations -- Analyzing World History -- Study and Research in World History -- Programs and Priorities in Graduate Education -- Course of Study -- Resources for Graduate Study -- Researching World History -- Conclusion: Tasks in World History.
533 _aElectronic reproduction.
_bPalo Alto, Calif. :
_cebrary,
_d2009.
_nAvailable via World Wide Web.
_nAccess may be limited to ebrary affiliated libraries.
650 0 _aHistory
_xStudy and teaching.
650 0 _aHistory
_xResearch.
655 7 _aElectronic books.
_2local
710 2 _aebrary, Inc.
856 4 0 _uhttp://site.ebrary.com/lib/rucke/Doc?id=10135587
_zAn electronic book accessible through the World Wide Web; click to view
999 _c189734
_d189734